[Event "SF Telgte 1 - SC Steinfurt 1"]
[Site "Verbandsliga 2017/2018"]
[Date "2017.11.18"]
[Round "3.1"]
[White "Grälken, Matthias"]
[Black "Hackl-Sommer, René"]
[Result "1/2-1/2"]
[WhiteElo "2043"]
[BlackElo "1984"]
[PlyCount "82"]
[EventDate "2017.??.??"]
[SourceTitle "Verband Muensterland"]
[SourceDate "2017.09.16"]
[SourceVersion "1"]
[SourceVersionDate "2017.09.16"]
[SourceQuality "1"]

1. c4 f5 2. g3 Nf6 3. Bg2 g6 4. Nf3 d6 5. Nc3 Bg7 6. d3 O-O 7. O-O Nc6 8. Rb1
a5 9. a3 Ng4 10. Bd2 e5 11. b4 axb4 12. axb4 h6 13. b5 Ne7 14. Nd5 Nxd5 15.
cxd5 b6 16. e4 fxe4 17. dxe4 Nf6 18. Ne1 Kh7 19. Qc2 Nd7 20. Nd3 Nc5 21. Nb4
Bd7 22. Nc6 Bxc6 23. bxc6 h5 24. h4 Bh6 25. Bb4 Qe7 26. Ra1 Rfd8 27. Bc3 Bg7
28. Ra2 Qf8 29. Rfa1 Rxa2 30. Qxa2 Qe7 31. Qb1 g5 32. Qd1 g4 33. Ra7 Rf8 34.
Be1 Rf7 35. Qc2 Qf6 36. Ra8 Rf8 37. Ra7 Rf7 38. Ra8 Rf8 39. Rxf8 Bxf8 40. Qd1
Bh6 41. Bb4 Na6 1/2-1/2

[Event "SF Telgte 1 - SC Steinfurt 1"]
[Site "Verbandsliga 2017/2018"]
[Date "2017.11.18"]
[Round "3.2"]
[White "Lodde, Martin"]
[Black "Haselhorst, Helmut"]
[Result "1-0"]
[WhiteElo "1962"]
[BlackElo "2073"]
[PlyCount "109"]
[EventDate "2017.??.??"]
[SourceTitle "Verband Muensterland"]
[SourceDate "2017.09.16"]
[SourceVersion "1"]
[SourceVersionDate "2017.09.16"]
[SourceQuality "1"]

1. d4 Nf6 2. Nf3 e6 3. g3 c5 4. e3 d5 5. Bg2 Nc6 6. O-O Bd6 7. dxc5 Bxc5 8. c4
O-O 9. Nc3 Qe7 10. cxd5 Rd8 11. e4 exd5 12. exd5 h6 13. Re1 Qf8 14. h3 Nb4 15.
Ne5 Bf5 16. Re2 Qd6 17. Bf4 Qa6 18. a3 Nd3 19. Nxd3 Bxd3 20. Rd2 Bg6 21. Rc1
Nh5 22. Be5 Re8 23. Bd4 Bxd4 24. Rxd4 Qd6 25. Bf3 Re5 26. Rh4 Nf6 27. Kg2 a6
28. Qd2 Rae8 29. Rd4 Nd7 30. Na4 R5e7 31. Kg1 Be4 32. Bxe4 Rxe4 33. Rxe4 Rxe4
34. Nc3 Rc4 35. Re1 Nf6 36. Qd3 Rc8 37. Qf5 Rd8 38. Rd1 g6 39. Qf3 Re8 40. Kg2
Kg7 41. Qd3 h5 42. h4 Re5 43. Qd4 Kf8 44. Rd3 Ke7 45. b4 Kd8 46. a4 Rf5 47. b5
axb5 48. axb5 Kc7 49. Qc4+ Kd8 50. Rd2 Qb6 51. Qb4 Nd7 52. Ne4 Kc7 53. Rc2+ Kb8
54. Nd6 Rxd5 55. Rc8+ 1-0

[Event "SF Telgte 1 - SC Steinfurt 1"]
[Site "Verbandsliga 2017/2018"]
[Date "2017.11.18"]
[Round "3.3"]
[White "Arning, Marcus"]
[Black "Kuhlenbäumer, Willi"]
[Result "1-0"]
[WhiteElo "1893"]
[BlackElo "1925"]
[PlyCount "63"]
[EventDate "2017.??.??"]
[SourceTitle "Verband Muensterland"]
[SourceDate "2017.09.16"]
[SourceVersion "1"]
[SourceVersionDate "2017.09.16"]
[SourceQuality "1"]

1. e4 e6 2. d4 d5 3. e5 c5 4. c3 Nc6 5. Nf3 f5 6. Be2 Be7 7. O-O Nh6 8. Bxh6
gxh6 9. dxc5 Bxc5 10. b4 Be7 11. b5 Na5 12. Nd4 O-O 13. Nd2 Kh8 14. c4 Qb6 15.
N4b3 Nxb3 16. Qxb3 Rg8 17. cxd5 exd5 18. Bf3 Be6 19. Qb2 Rad8 20. a4 a6 21.
Rab1 a5 22. Rbc1 Rg7 23. Rfd1 d4 24. Nc4 Qc5 25. Nxa5 Qxe5 26. Bxb7 Bd5 27.
Bxd5 Qxd5 28. g3 f4 29. Nc6 fxg3 30. hxg3 Rd6 31. Rxd4 Qf3 32. Nxe7 1-0

[Event "SF Telgte 1 - SC Steinfurt 1"]
[Site "Verbandsliga 2017/2018"]
[Date "2017.11.18"]
[Round "3.4"]
[White "Junker, Axel"]
[Black "Wild, Helmut"]
[Result "1/2-1/2"]
[WhiteElo "1881"]
[BlackElo "1909"]
[PlyCount "36"]
[EventDate "2017.??.??"]
[SourceTitle "Verband Muensterland"]
[SourceDate "2017.09.16"]
[SourceVersion "1"]
[SourceVersionDate "2017.09.16"]
[SourceQuality "1"]

1. c4 c5 2. Nf3 Nf6 3. d4 cxd4 4. Nxd4 e6 5. Nc3 Bb4 6. g3 Ne4 7. Qc2 Nxc3 8.
bxc3 Bc5 9. Bg2 Nc6 10. e3 O-O 11. O-O e5 12. Nb3 Be7 13. Rd1 f5 14. Bd5+ Kh8
15. c5 Qc7 16. a4 Na5 17. Nxa5 Qxa5 18. Rb1 Rb8 1/2-1/2

[Event "SF Telgte 1 - SC Steinfurt 1"]
[Site "Verbandsliga 2017/2018"]
[Date "2017.11.18"]
[Round "3.5"]
[White "Janning, Rainer"]
[Black "Kuhlenbäumer, Alfred"]
[Result "1-0"]
[WhiteElo "1901"]
[BlackElo "1874"]
[PlyCount "49"]
[EventDate "2017.??.??"]
[SourceTitle "Verband Muensterland"]
[SourceDate "2017.09.16"]
[SourceVersion "1"]
[SourceVersionDate "2017.09.16"]
[SourceQuality "1"]

1. f4 e5 2. fxe5 d6 3. exd6 Bxd6 4. Nf3 Bg4 5. g3 h5 6. Bg2 Nc6 7. Nc3 Nf6 8.
d3 Qd7 9. Bg5 Nd5 10. Nxd5 Bxg3+ 11. hxg3 Qxd5 12. Qd2 f6 13. Be3 g5 14. Bf2
Kf7 15. c4 Qd6 16. O-O-O a5 17. Rdf1 Kg6 18. Be3 Qe7 19. Nd4 Rhe8 20. Be4+ Kg7
21. Rxh5 Qe5 22. Rh7+ Kg8 23. Nxc6 bxc6 24. Rfh1 f5 25. Bxc6 1-0

[Event "SF Telgte 1 - SC Steinfurt 1"]
[Site "Verbandsliga 2017/2018"]
[Date "2017.11.18"]
[Round "3.6"]
[White "Esser, Peter"]
[Black "Raue, Thorsten"]
[Result "1-0"]
[WhiteElo "1749"]
[BlackElo "1835"]
[PlyCount "120"]
[EventDate "2017.??.??"]
[SourceTitle "Verband Muensterland"]
[SourceDate "2017.09.16"]
[SourceVersion "1"]
[SourceVersionDate "2017.09.16"]
[SourceQuality "1"]

1. e4 Nc6 2. Nf3 f5 3. exf5 d5 4. d4 Bxf5 5. Bd3 Bg4 6. Be2 Nf6 7. Bf4 e6 8. c3
Bxf3 9. Bxf3 Bd6 10. Bg5 h6 11. Bh5+ Kd7 12. Bh4 g5 13. Bg3 Nxh5 14. Qxh5 Qf6
15. O-O Rae8 16. Nd2 e5 17. dxe5 Nxe5 18. b3 Nd3 19. Rad1 Nf4 20. Bxf4 Qxf4 21.
g3 Qe5 22. Qg4+ Kd8 23. c4 h5 24. Qf3 h4 25. cxd5 hxg3 26. hxg3 g4 27. Qxg4
Qxd5 28. Qf3 Qxf3 29. Nxf3 Re2 30. Rd2 Rhe8 31. Rfd1 Rxd2 32. Rxd2 Kd7 33. Kg2
Kc6 34. Nd4+ Kb6 35. f4 c5 36. Nf5 Bc7 37. Kf3 Kc6 38. Ne3 b5 39. g4 Rf8 40. g5
Bd6 41. Rc2 a5 42. f5 Rg8 43. g6 Be5 44. Ng4 Bd4 45. Kf4 Rd8 46. Ne5+ Kd5 47.
Ng4 c4 48. bxc4+ bxc4 49. f6 Ke6 50. Re2+ Kd6 51. f7 Bg7 52. Re8 Kd7 53. Re2 c3
54. Kf5 Rc8 55. Nf6+ Kd6 56. Ne8+ Kd7 57. Nxg7 c2 58. Rxc2 Rxc2 59. Kg5 Ke7 60.
Ne6 Rf2 1-0

[Event "SF Telgte 1 - SC Steinfurt 1"]
[Site "Verbandsliga 2017/2018"]
[Date "2017.11.18"]
[Round "3.7"]
[White "Schulz, Joachim"]
[Black "Dieckmann, Werner"]
[Result "1-0"]
[WhiteElo "1890"]
[BlackElo "1803"]
[PlyCount "113"]
[EventDate "2017.??.??"]
[SourceTitle "Verband Muensterland"]
[SourceDate "2017.09.16"]
[SourceVersion "1"]
[SourceVersionDate "2017.09.16"]
[SourceQuality "1"]

1. d4 d5 2. Nf3 Nf6 3. c4 c6 4. e3 Bf5 5. Nc3 e6 6. Qb3 Qb6 7. c5 Qc7 8. Be2
Be7 9. O-O h6 10. Bd2 O-O 11. Rfc1 Nbd7 12. Qa4 b5 13. cxb6 axb6 14. Qb3 Qb8
15. Nh4 Bh7 16. f4 c5 17. Nf3 c4 18. Qd1 b5 19. a4 bxa4 20. Nxa4 Ne4 21. Ne5
Nxe5 22. dxe5 Qb7 23. Bf3 Nc5 24. Nxc5 Bxc5 25. Rxa8 Rxa8 26. Rxc4 Qb6 27. Qc1
Rc8 28. Rc3 d4 29. Rc4 Bd3 30. Rxd4 Bg6 31. b4 Bxd4 32. Qxc8+ Kh7 33. Qc1 Bxe3+
34. Bxe3 Qxb4 35. g4 Bd3 36. Kf2 Qe7 37. Kg3 Qb4 38. Bc5 Qa5 39. Qe3 Qb5 40.
Be4+ Bxe4 41. Qxe4+ Kg8 42. Be3 Qe2 43. Qf3 Qa6 44. f5 Qa5 45. Bd4 Qe1+ 46. Qf2
Qe4 47. h4 exf5 48. gxf5 h5 49. Qf4 Qd3+ 50. Be3 Kf8 51. Qd4 Qxd4 52. Bxd4 Ke8
53. Kf4 g6 54. fxg6 fxg6 55. Kg5 Kf7 56. Kh6 g5 57. Kxg5 1-0

[Event "SF Telgte 1 - SC Steinfurt 1"]
[Site "Verbandsliga 2017/2018"]
[Date "2017.11.18"]
[Round "3.8"]
[White "Köpplinger, Günter"]
[Black "Schal, Eduard"]
[Result "1/2-1/2"]
[WhiteElo "1511"]
[BlackElo "1554"]
[PlyCount "46"]
[EventDate "2017.??.??"]
[SourceTitle "Verband Muensterland"]
[SourceDate "2017.09.16"]
[SourceVersion "1"]
[SourceVersionDate "2017.09.16"]
[SourceQuality "1"]

1. d4 d5 2. Bf4 Nf6 3. e3 Bf5 4. c3 e6 5. Nd2 Bd6 6. Bg3 O-O 7. Ngf3 c6 8. Nh4
Bg6 9. Nxg6 fxg6 10. Be2 Qc7 11. Qb3 b6 12. O-O Nbd7 13. Bf3 Rae8 14. c4 Kh8
15. Rac1 Bxg3 16. hxg3 Qd6 17. Rfd1 e5 18. dxe5 Nxe5 19. cxd5 Nxf3+ 20. Nxf3
cxd5 21. Rd4 Re4 22. Qd1 Rxd4 23. Qxd4 Kg8 1/2-1/2

[Event "TV Borken 1 - Schach Nienberge 2"]
[Site "Verbandsliga 2017/2018"]
[Date "2017.11.18"]
[Round "3.1"]
[White "da Costa Campos, André"]
[Black "Schulze-Schwering, Philipp"]
[Result "0-1"]
[WhiteElo "1942"]
[BlackElo "2071"]
[PlyCount "148"]
[EventDate "2017.??.??"]
[SourceTitle "Verband Muensterland"]
[SourceDate "2017.09.16"]
[SourceVersion "1"]
[SourceVersionDate "2017.09.16"]
[SourceQuality "1"]

1. e4 e5 2. Nf3 Nc6 3. d4 exd4 4. Nxd4 Bc5 5. Be3 Bb6 6. Nc3 d6 7. Bc4 Nf6 8.
f3 O-O 9. Qd2 Nxd4 10. Bxd4 Be6 11. Bb3 Re8 12. O-O-O Bxb3 13. axb3 Qe7 14.
Rhe1 Bxd4 15. Qxd4 Qe5 16. Qxe5 Rxe5 17. Nd5 Nxd5 18. Rxd5 Rae8 19. Red1 g6 20.
R1d4 Kg7 21. c3 Kf6 22. Kd2 R8e6 23. Rxe5 Rxe5 24. Ke3 Rb5 25. b4 Ke6 26. Rd2
Rb6 27. Kd3 Ra6 28. Rd1 h5 29. Kc4 c6 30. g3 Rb6 31. Rd2 Rb5 32. Re2 h4 33. Kd4
hxg3 34. hxg3 Rh5 35. Ke3 Rh1 36. f4 Rb1 37. Kf3 c5 38. bxc5 dxc5 39. g4 Rf1+
40. Ke3 Rg1 41. Kf3 Rd1 42. g5 a5 43. Rh2 Rb1 44. Ke3 b5 45. Rf2 a4 46. Kd3 Rg1
47. Rh2 Rg3+ 48. Kd2 b4 49. Rh8 Rg2+ 50. Kc1 Rf2 51. cxb4 cxb4 52. Rb8 a3 53.
Rb6+ Ke7 54. bxa3 bxa3 55. Rb7+ Kf8 56. Rb8+ Kg7 57. Kb1 Rxf4 58. Re8 Rf2 59.
Ra8 Rb2+ 60. Ka1 Rg2 61. Ra5 Kf8 62. Re5 a2 63. Ra5 Ke7 64. Ra7+ Ke6 65. Ra5
Rg4 66. Kxa2 Rxe4 67. Ra6+ Kf5 68. Rf6+ Kxg5 69. Rxf7 Rb4 70. Ka3 Rb8 71. Rc7
Kh5 72. Rh7+ Kg4 73. Rg7 g5 74. Rf7 Kh4 0-1

[Event "TV Borken 1 - Schach Nienberge 2"]
[Site "Verbandsliga 2017/2018"]
[Date "2017.11.18"]
[Round "3.2"]
[White "Beckmann, David"]
[Black "Melkert, Tim"]
[Result "1-0"]
[WhiteElo "2009"]
[BlackElo "1946"]
[PlyCount "89"]
[EventDate "2017.??.??"]
[SourceTitle "Verband Muensterland"]
[SourceDate "2017.09.16"]
[SourceVersion "1"]
[SourceVersionDate "2017.09.16"]
[SourceQuality "1"]

1. Nf3 Nf6 2. g3 b6 3. Bg2 Bb7 4. O-O e6 5. c4 Be7 6. b3 O-O 7. Bb2 c5 8. Nc3
d5 9. cxd5 Nxd5 10. Nxd5 Bxd5 11. Re1 Bf6 12. Bxf6 Qxf6 13. d3 Rd8 14. Qc1 Bb7
15. a3 Nc6 16. Nd2 Qe7 17. Qb2 Rac8 18. Nc4 b5 19. Ne3 Nd4 20. Bxb7 Qxb7 21.
Rac1 Qa6 22. Ra1 c4 23. bxc4 bxc4 24. Nxc4 Rb8 25. Qa2 Qa4 26. Rab1 Kf8 27.
Rec1 Rb3 28. Rxb3 Nxb3 29. Rb1 Nd4 30. Qb2 Rd5 31. Qb8+ Ke7 32. Qc7+ Qd7 33.
Qxd7+ Rxd7 34. Kf1 Rc7 35. Ke1 f6 36. h3 e5 37. a4 e4 38. Ne3 Rd7 39. dxe4 Ke6
40. f3 h5 41. Kf2 Rc7 42. Rb4 Nc2 43. Nxc2 Rxc2 44. Rb7 a5 45. Rb5 1-0

[Event "TV Borken 1 - Schach Nienberge 2"]
[Site "Verbandsliga 2017/2018"]
[Date "2017.11.18"]
[Round "3.3"]
[White "Kipp, Lucas"]
[Black "Schroer, Klaus"]
[Result "1-0"]
[WhiteElo "1878"]
[BlackElo "1990"]
[PlyCount "101"]
[EventDate "2017.??.??"]
[SourceTitle "Verband Muensterland"]
[SourceDate "2017.09.16"]
[SourceVersion "1"]
[SourceVersionDate "2017.09.16"]
[SourceQuality "1"]

1. d4 Nf6 2. Nf3 e6 3. g3 b6 4. Bg2 Bb7 5. O-O Be7 6. c4 O-O 7. Nc3 Ne4 8. Nxe4
Bxe4 9. Ne5 Bxg2 10. Kxg2 d6 11. Nf3 a5 12. Qd3 Bf6 13. h4 Nc6 14. Bg5 e5 15.
d5 Nb8 16. Qf5 Qd7 17. Qe4 Qe7 18. Bxf6 Qxf6 19. Ng5 Qg6 20. Qxg6 hxg6 21. f4
Nd7 22. f5 gxf5 23. Rxf5 Nc5 24. Raf1 f6 25. Nh3 Ne4 26. h5 g6 27. hxg6 Kg7 28.
Nf2 Nd2 29. Rc1 e4 30. Ng4 Kxg6 31. Ne3 a4 32. Rc2 a3 33. Rxd2 axb2 34. Rxb2
Ra3 35. Rb3 Rxa2 36. Rf2 Rfa8 37. Ng4 f5 38. Ne3 R8a4 39. Nxf5 Rxc4 40. g4 Ra5
41. Rh3 Rc1 42. Rh6+ Kg5 43. Rh8 Raa1 44. Ng3 Kg6 45. Rg8+ Kh7 46. Rg5 e3 47.
Rf7+ Kh8 48. Nf1 Ra2 49. Rf3 Rxe2+ 50. Kg1 Rxf1+ 51. Kxf1 1-0

[Event "TV Borken 1 - Schach Nienberge 2"]
[Site "Verbandsliga 2017/2018"]
[Date "2017.11.18"]
[Round "3.4"]
[White "Vijayakumaran, Vithoosan"]
[Black "Wetterau, Georg"]
[Result "0-1"]
[WhiteElo "1715"]
[BlackElo "1805"]
[PlyCount "125"]
[EventDate "2017.??.??"]
[SourceTitle "Verband Muensterland"]
[SourceDate "2017.09.16"]
[SourceVersion "1"]
[SourceVersionDate "2017.09.16"]
[SourceQuality "1"]

1. c4 Nf6 2. g3 c6 3. Nf3 d5 4. Bg2 g6 5. O-O Bg7 6. cxd5 cxd5 7. d3 O-O 8. Qb3
Nc6 9. Bf4 Nh5 10. Nc3 Nxf4 11. gxf4 d4 12. Ne4 Rb8 13. Qa3 h6 14. b4 b6 15.
Rac1 Bb7 16. Ned2 Qd6 17. Ne5 Nxe5 18. fxe5 Qxe5 19. Nf3 Qf4 20. Rfd1 g5 21.
Qb2 Bxf3 22. Bxf3 Be5 23. Bg2 Qxh2+ 24. Kf1 Rbc8 25. Rxc8 Rxc8 26. Rc1 Rc3 27.
Qd2 Qf4 28. Qxf4 Bxf4 29. Ra1 e6 30. a4 Rb3 31. b5 Bd2 32. Bf3 Bc3 33. Ra2 Kg7
34. e3 Rb1+ 35. Kg2 Kg6 36. exd4 Bxd4 37. Rc2 Rb2 38. Rxb2 Bxb2 39. Bc6 Kf6 40.
Kf3 Bd4 41. Kg3 Ke5 42. f3 f5 43. Bb7 h5 44. Bc6 h4+ 45. Kg2 Be3 46. Bd7 Kd6
47. Bc6 e5 48. Bb7 Kc5 49. Bc8 f4 50. Kh3 Kb4 51. Kg4 Kxa4 52. Bd7 Kb4 53. Kh3
Ka5 54. Kg4 a6 55. bxa6 Kxa6 56. Kxg5 b5 57. Kxh4 b4 58. Be6 Kb5 59. Bb3 Kc5
60. Kg5 Kd4 61. Bc4 Kc3 62. Kf5 Bd4 63. Ke4 0-1

[Event "TV Borken 1 - Schach Nienberge 2"]
[Site "Verbandsliga 2017/2018"]
[Date "2017.11.18"]
[Round "3.5"]
[White "Schipke, Thorsten"]
[Black "Rickert, Berthold"]
[Result "1-0"]
[WhiteElo "1839"]
[BlackElo "1727"]
[PlyCount "69"]
[EventDate "2017.??.??"]
[SourceTitle "Verband Muensterland"]
[SourceDate "2017.09.16"]
[SourceVersion "1"]
[SourceVersionDate "2017.09.16"]
[SourceQuality "1"]

1. e4 g6 2. Nc3 Bg7 3. f4 d6 4. Nf3 e6 5. Bc4 Ne7 6. O-O c5 7. d3 Nbc6 8. Qe1
Na5 9. Bb5+ Bd7 10. f5 Bxb5 11. Nxb5 Nac6 12. fxe6 f6 13. Nc3 O-O 14. Nd5 Ne5
15. Qg3 Rc8 16. Be3 b6 17. Qh4 N7c6 18. Nxe5 dxe5 19. Rf2 g5 20. Qg4 Ne7 21. c4
Rc6 22. h4 h6 23. h5 Kh8 24. Raf1 Ng8 25. a3 Qe8 26. b4 cxb4 27. axb4 Qxe6 28.
Qxe6 Rxe6 29. c5 bxc5 30. Bxc5 Rf7 31. Ra2 Bf8 32. Bxf8 Rxf8 33. Rxa7 Rfe8 34.
Rf7 Ne7 35. Nxf6 1-0

[Event "TV Borken 1 - Schach Nienberge 2"]
[Site "Verbandsliga 2017/2018"]
[Date "2017.11.18"]
[Round "3.8"]
[White "Klugstedt, Vincent"]
[Black "Scharlow, Siegmar"]
[Result "0-1"]
[WhiteElo "1539"]
[BlackElo "1691"]
[PlyCount "54"]
[EventDate "2017.??.??"]
[SourceTitle "Verband Muensterland"]
[SourceDate "2017.09.16"]
[SourceVersion "1"]
[SourceVersionDate "2017.09.16"]
[SourceQuality "1"]

1. d4 Nf6 2. c4 e5 3. dxe5 Ne4 4. Qc2 d5 5. cxd5 Qxd5 6. Qxc7 Bb4+ 7. Nc3 Nc6
8. Nf3 Ba5 9. e6 O-O 10. Bd2 Nxc3 11. Qf4 Ne4 12. Rd1 Bxe6 13. a3 Nxd2 14. Nxd2
Nd4 15. e4 Qb3 16. Qe5 Nc6 17. Qg5 Rfd8 18. h4 h6 19. Qc5 Qxb2 20. Qe3 Rd7 21.
Bd3 Rad8 22. Ke2 Rxd3 23. Qxd3 Rxd3 24. Kxd3 Qxa3+ 25. Ke2 Nd4+ 26. Kf1 Bxd2
27. f4 Bc4+ 0-1

[Event "SF Olfen 1 - SC Rochade Emsdetten 2"]
[Site "Verbandsliga 2017/2018"]
[Date "2017.11.18"]
[Round "3.1"]
[White "Ortmeier, Leonhard"]
[Black "Koke, Christoph"]
[Result "1-0"]
[WhiteElo "1944"]
[BlackElo "2075"]
[PlyCount "47"]
[EventDate "2017.??.??"]
[SourceTitle "Verband Muensterland"]
[SourceDate "2017.09.16"]
[SourceVersion "1"]
[SourceVersionDate "2017.09.16"]
[SourceQuality "1"]

1. e4 c6 2. d4 d5 3. Nc3 dxe4 4. Nxe4 Bf5 5. Ng3 Bg6 6. h4 h6 7. Nf3 Nd7 8. h5
Bh7 9. Bd3 Bxd3 10. Qxd3 e6 11. Bd2 Ngf6 12. O-O-O Qc7 13. Kb1 Bd6 14. Ne4 Nxe4
15. Qxe4 O-O-O 16. c4 Nf6 17. Qc2 c5 18. Bc3 Kb8 19. dxc5 Qxc5 20. Bd4 Qc6 21.
Rh4 Ka8 22. Rc1 Ne8 23. Qc3 f6 24. Bxa7 1-0

[Event "SF Olfen 1 - SC Rochade Emsdetten 2"]
[Site "Verbandsliga 2017/2018"]
[Date "2017.11.18"]
[Round "3.2"]
[White "Bösel, Alexander"]
[Black "Delere, Adrian"]
[Result "1-0"]
[WhiteElo "2000"]
[BlackElo "1842"]
[PlyCount "95"]
[EventDate "2017.??.??"]
[SourceTitle "Verband Muensterland"]
[SourceDate "2017.09.16"]
[SourceVersion "1"]
[SourceVersionDate "2017.09.16"]
[SourceQuality "1"]

1. e4 e5 2. Nf3 Nc6 3. Bc4 Bc5 4. d3 h6 5. c3 Nf6 6. b4 Bd6 7. O-O O-O 8. Na3
a6 9. Nc2 b5 10. Bb3 Bb7 11. Ne3 Ne7 12. Nh4 Re8 13. Ng4 Nh7 14. Bxh6 Rf8 15.
Be3 Kh8 16. Qd2 Qe8 17. f4 exf4 18. Bxf4 Bxf4 19. Qxf4 g5 20. Qe5+ f6 21. Qxe7
gxh4 22. Qxe8 Raxe8 23. Rf5 d6 24. Rh5 Bc8 25. Ne3 h3 26. g4 Re5 27. Nf5 Bxf5
28. gxf5 c6 29. Rxh3 d5 30. exd5 cxd5 31. d4 Rxf5 32. Rxh7+ Kxh7 33. Bc2 Rg8+
34. Kh1 Rgg5 35. Rf1 Kg6 36. h4 Rh5 37. Kg2 Rxh4 38. Bxf5+ Kf7 39. Bc8 Re4 40.
Bxa6 Re3 41. Rf3 Re2+ 42. Kg3 Rxa2 43. Bxb5 Ra8 44. Bc6 Rd8 45. Re3 Rg8+ 46.
Kf4 Rd8 47. Kf5 Rh8 48. Bxd5+ 1-0

[Event "SF Olfen 1 - SC Rochade Emsdetten 2"]
[Site "Verbandsliga 2017/2018"]
[Date "2017.11.18"]
[Round "3.4"]
[White "Beutelhoff, Josef"]
[Black "Hemmers, Dieter"]
[Result "1-0"]
[WhiteElo "1971"]
[BlackElo "1816"]
[PlyCount "47"]
[EventDate "2017.??.??"]
[SourceTitle "Verband Muensterland"]
[SourceDate "2017.09.16"]
[SourceVersion "1"]
[SourceVersionDate "2017.09.16"]
[SourceQuality "1"]

1. d4 f5 2. c4 Nf6 3. Nc3 g6 4. g3 Bg7 5. Bg2 d6 6. Nh3 O-O 7. d5 a5 8. Nf4 Na6
9. h4 Nc5 10. h5 Kf7 11. hxg6+ hxg6 12. Nh3 e5 13. dxe6+ Nxe6 14. Ng5+ Nxg5 15.
Bxg5 Be6 16. Qd3 Rh8 17. O-O-O Rb8 18. Nd5 Qd7 19. Bxf6 Rxh1 20. Rxh1 Bxf6 21.
Nxf6 Kxf6 22. Qd4+ Ke7 23. Rh7+ Bf7 24. Qh4+ 1-0

[Event "SF Olfen 1 - SC Rochade Emsdetten 2"]
[Site "Verbandsliga 2017/2018"]
[Date "2017.11.18"]
[Round "3.5"]
[White "Wissing, Philipp"]
[Black "Pinno, Gregor"]
[Result "1-0"]
[WhiteElo "1781"]
[BlackElo "1776"]
[PlyCount "61"]
[EventDate "2017.??.??"]
[SourceTitle "Verband Muensterland"]
[SourceDate "2017.09.16"]
[SourceVersion "1"]
[SourceVersionDate "2017.09.16"]
[SourceQuality "1"]

1. e4 c5 2. Nf3 Nc6 3. d4 cxd4 4. Nxd4 Nf6 5. Nc3 e5 6. Ndb5 d6 7. Nd5 Nxd5 8.
exd5 Nb8 9. Bd3 Be7 10. Be3 a6 11. Nc3 O-O 12. Qd2 f5 13. f3 Nd7 14. O-O-O b5
15. g4 Nc5 16. Bxf5 Bxf5 17. gxf5 Rxf5 18. Ne4 Nxe4 19. fxe4 Rf3 20. Rhg1 Qc7
21. Rxg7+ Kxg7 22. Qg2+ Kh8 23. Qxf3 Rf8 24. Qe2 Bh4 25. Rf1 Qe7 26. Rf3 Rxf3
27. Qxf3 Bg5 28. Kd2 Bf6 29. Qg4 Bg7 30. Qc8+ Bf8 31. Bh6 1-0

[Event "SF Olfen 1 - SC Rochade Emsdetten 2"]
[Site "Verbandsliga 2017/2018"]
[Date "2017.11.18"]
[Round "3.6"]
[White "Boenigk, Winfried"]
[Black "Wehmeier, Sven"]
[Result "1-0"]
[WhiteElo "1743"]
[BlackElo "1768"]
[PlyCount "141"]
[EventDate "2017.??.??"]
[SourceTitle "Verband Muensterland"]
[SourceDate "2017.09.16"]
[SourceVersion "1"]
[SourceVersionDate "2017.09.16"]
[SourceQuality "1"]

1. d4 Nf6 2. c4 d5 3. Nc3 g6 4. cxd5 Nxd5 5. e4 Nxc3 6. bxc3 Bg7 7. Bc4 O-O 8.
Ne2 c5 9. d5 Qa5 10. Bd2 Bg4 11. f3 Bd7 12. a4 Qc7 13. O-O b6 14. Qb3 Be8 15.
f4 Nd7 16. e5 Bh6 17. Be1 Kg7 18. Bh4 f6 19. e6 Nb8 20. Bg3 Qb7 21. Bd3 Na6 22.
Be4 c4 23. Qxc4 b5 24. Qd4 Rd8 25. Rfb1 Nc7 26. axb5 Nxd5 27. Bxd5 Qxd5 28.
Qxd5 Rxd5 29. Rxa7 Rxb5 30. Rxb5 Bxb5 31. Rxe7+ Kg8 32. Nd4 Bc4 33. Rc7 Ba2 34.
Kf2 Re8 35. f5 Bf8 36. c4 gxf5 37. Nxf5 Rxe6 38. c5 Bb1 39. Nd6 Bd3 40. Bf4
Bxd6 41. cxd6 Re4 42. g3 Bb5 43. d7 Bxd7 44. Rxd7 Ra4 45. Kf3 h5 46. Rd5 h4 47.
g4 Kf7 48. Rh5 Ra3+ 49. Be3 Ra1 50. Rxh4 Rf1+ 51. Bf2 Kg6 52. Rh5 Rh1 53. h4
Rf1 54. Rh8 f5 55. g5 Kg7 56. Rh6 Rb1 57. Rf6 Rb5 58. Kf4 Rb2 59. Kf3 Rb5 60.
Rb6 Rd5 61. Rb4 Kg6 62. Rb6+ Kg7 63. h5 Rd3+ 64. Be3 Rd1 65. Rb7+ Kg8 66. h6
Rf1+ 67. Bf2 Rh1 68. Kf4 Rf1 69. Rb2 Kh7 70. Kxf5 Kg8 71. Kg6 1-0

[Event "SF Olfen 1 - SC Rochade Emsdetten 2"]
[Site "Verbandsliga 2017/2018"]
[Date "2017.11.18"]
[Round "3.7"]
[White "Gerighausen, Karl-Heinz"]
[Black "Limberg, Johannes"]
[Result "1/2-1/2"]
[WhiteElo "1659"]
[BlackElo "1609"]
[PlyCount "43"]
[EventDate "2017.??.??"]
[SourceTitle "Verband Muensterland"]
[SourceDate "2017.09.16"]
[SourceVersion "1"]
[SourceVersionDate "2017.09.16"]
[SourceQuality "1"]

1. d4 Nf6 2. c4 d5 3. Nc3 g6 4. cxd5 Nxd5 5. e4 Nxc3 6. bxc3 Bg7 7. Bd3 O-O 8.
Be3 c5 9. Ne2 cxd4 10. cxd4 Nc6 11. Bc4 Qa5+ 12. Qd2 Qxd2+ 13. Kxd2 Rd8 14. Kc3
Bd7 15. Rac1 Rac8 16. Kb2 Na5 17. Bb3 Bb5 18. Rxc8 Rxc8 19. Rc1 Rxc1 20. Nxc1
Nc4+ 21. Bxc4 Bxc4 22. Kc3 1/2-1/2

[Event "SF Olfen 1 - SC Rochade Emsdetten 2"]
[Site "Verbandsliga 2017/2018"]
[Date "2017.11.18"]
[Round "3.8"]
[White "Limberg, Thomas"]
[Black "Bahr, Maximilian"]
[Result "1-0"]
[WhiteElo "1635"]
[BlackElo "1676"]
[PlyCount "89"]
[EventDate "2017.??.??"]
[SourceTitle "Verband Muensterland"]
[SourceDate "2017.09.16"]
[SourceVersion "1"]
[SourceVersionDate "2017.09.16"]
[SourceQuality "1"]

1. d4 Nf6 2. c4 c5 3. Nf3 cxd4 4. Nxd4 Nc6 5. g3 e6 6. Bg2 Bc5 7. e3 Qb6 8. Nc2
O-O 9. O-O Ne5 10. b3 Rd8 11. Nc3 Be7 12. Qe2 Qa5 13. Bb2 d6 14. Rfd1 Rb8 15.
Rd2 Bd7 16. Nd4 Nc6 17. Ndb5 Be8 18. Rad1 a6 19. Nxd6 Bxd6 20. Rxd6 Rxd6 21.
Rxd6 Ne7 22. Qd2 Qc7 23. Ne4 Nd7 24. Qc3 e5 25. Qd2 f5 26. Ng5 Bf7 27. Nxf7
Kxf7 28. Rxd7 Qc5 29. Qd6 Qxd6 30. Rxd6 e4 31. Be5 Re8 32. Bd4 Rb8 33. Kf1 g6
34. Ke1 Ke8 35. f3 exf3 36. Bxf3 Nc8 37. Re6+ Kd7 38. Bd5 Ne7 39. Rf6 Nxd5 40.
cxd5 Ke7 41. d6+ Ke8 42. Be5 Rd8 43. Re6+ Kf8 44. Re7 Re8 45. Bg7+ 1-0

[Event "SK Metelen 1 - SK Dülmen 1"]
[Site "Verbandsliga 2017/2018"]
[Date "2017.11.18"]
[Round "3.1"]
[White "Eiersbrock, Robin"]
[Black "Bernink, Henk"]
[Result "1-0"]
[WhiteElo "2019"]
[BlackElo "2102"]
[PlyCount "73"]
[EventDate "2017.??.??"]
[SourceTitle "Verband Muensterland"]
[SourceDate "2017.09.16"]
[SourceVersion "1"]
[SourceVersionDate "2017.09.16"]
[SourceQuality "1"]

1. Nf3 g6 2. d4 Nh6 3. c4 f6 4. Nc3 d6 5. g3 Bg7 6. Bg2 Nf7 7. O-O e6 8. b4 O-O
9. Ba3 c6 10. Qb3 Nd7 11. b5 c5 12. dxc5 dxc5 13. Na4 Qc7 14. Ne1 Rb8 15. b6
axb6 16. Rb1 Ra8 17. Bc1 Ra6 18. Nc2 Re8 19. Bf4 e5 20. Bd2 e4 21. Ne3 Qc6 22.
Nc3 f5 23. Ned5 Nf6 24. Nxb6 Be6 25. Rfd1 Ne5 26. Bf4 Nh5 27. f3 Nxf4 28. gxf4
exf3 29. fxe5 fxg2 30. Rd6 Qc7 31. Nb5 Qf7 32. Qc3 Bf8 33. Nd5 Bg7 34. Rxa6
bxa6 35. Nd6 Qd7 36. Nxe8 Qxe8 37. Nf6+ 1-0